Countries Named After People - Statistics

General Stats
  • This quiz has been taken 51 times
    11 since last reset
  • The average score is 7 of 27
Answer Stats
San Marino % Correct
Philippines
64%
Bolivia
55%
El Salvador
45%
Solomon Islands
45%
Columbia
36%
Dominican Republic
36%
Israel
36%
Marshall Islands
36%
Nicaragua
36%
Saudi Arabia
36%
United States of America
36%
Venezuela
36%
Saint Lucia
27%
Georgia
18%
Mauritius
18%
Saint Kitts and Nevis
18%
San Marino
18%
Seychelles
18%
Swaziland
18%
Yemen
18%
Egypt
9%
Kiribati
9%
Mozambique
9%
Oman
9%
São Tomé and Príncipe
9%
Liechtenstein
0%
Uzbekistan
0%
No matching quizzes found
Score Distribution
Percent of People with Each Score
Percentile by Number Answered
Your Score History
You have not taken this quiz since the last reset